Безопасная, экономичная и надежная эксплуатация взрывозащищенного электрооборудования: сборник научных трудов

Bibliografske podrobnosti
Drugi avtorji: Пархоменко А. И. (редактор)
Jezik:ruščina
Izdano: Донецк, ВНИИВЭ, 1990
Teme:
Format: MixedMaterials Knjiga
KOHA link:https://koha.lib.tpu.ru/cgi-bin/koha/opac-detail.pl?biblionumber=202510

MARC

LEADER 00000nam0a2200000 4500
001 202510
005 20231031185405.0
035 |a (RuTPU)RU\TPU\book\220672 
090 |a 202510 
100 |a 20111014d1990 k y0rusy50 ca 
101 0 |a rus 
102 |a UA 
105 |a a z 001zy 
200 1 |a Безопасная, экономичная и надежная эксплуатация взрывозащищенного электрооборудования  |e сборник научных трудов  |f под ред. А. И. Пархоменко 
210 |a Донецк  |c ВНИИВЭ  |d 1990 
215 |a 95 с.  |c ил. 
320 |a Библиогр. в конце ст. 
610 1 |a электрооборудование 
610 1 |a взрывозащищенное электрооборудование 
610 1 |a эксплуатация 
610 1 |a безопасность 
610 1 |a асинхронные двигатели 
675 |a 621.31-2  |v 3 
702 1 |a Пархоменко  |b А. И.  |4 340 
801 1 |a RU  |b 63413507  |c 20111014 
801 2 |a RU  |b 63413507  |c 20111024  |g RCR 
942 |c BK